Špecifiká finančného manažmentu pri neziskových organizáciách diplomová práca

Gespeichert in:
Bibliographische Detailangaben
1. Verfasser: Kováčiková, Veronika
Körperschaft: Fakulta podnikového manažmentu EU. Katedra podnikových financií
Weitere Verfasser: Smorada, Marián, 1984-
Format: Buch
Sprache:Slowakisch
Veröffentlicht: Bratislava 2023
Tags: Tag hinzufügen
Keine Tags, Fügen Sie das erste Tag hinzu!

MARC

LEADER 00000nbm a2200000 4500
001 0293573
005 20240307113236.8
041 0 |a slo 
044 |a SK 
245 1 0 |a Špecifiká finančného manažmentu pri neziskových organizáciách  |b diplomová práca  |c Veronika Kováčiková ; školiteľ: Zuzana Hajduová 
264 1 |a Bratislava  |c 2023 
300 |a 77 s. 
100 1 |a Kováčiková, Veronika 
700 1 |a Smorada, Marián, 1984- 
710 2 |a Fakulta podnikového manažmentu EU. Katedra podnikových financií